000 01508nam a2200253Ia 4500
999 _c51754
_d51754
001 18746
003 GE_BSU
005 20210415132919.0
008 181216s2014||||ge |||||||||||||| ||geo||
040 _cGE_BSU
041 _aგეო
080 _a61 თ-75
100 _aთორთლაძე, მაგდა
_911392
245 _aოქსიდაციური და იმუნური ფაქტორების როლი პრეკლამფსიის პათოგენეზში /
_cმაგდა თორთლაძე; მეცნ. ხელმძღვ. ნ. კინტრაია, თ. სანიკიძე; თბილისის სახელმწიფო სამედიცინო უნ-ტი.
264 _aთბილისი,
_c2014.
300 _a216 გვ.;
_b30 სმ.
653 _aდისერტაცია
653 _aმედიცინა
653 _aოქსიდაციური და იმუნური ფაქტორების როლი პრეკლამფსიის პათოგენეზში.
700 _aკინტრაია, ნ.
_eსამეცნიერო ხელმძღვანელი
_911393
700 _aსანიკიძე, თ.
_eსამეცნიერო ხელმძღვანელი
_911394
710 _aთბილისის სახ-ლო სამედიცინო უნ-ტი
_910087
942 _cBK
_2udc